000
00290nam a22001337a 4500
008
170331b xxu||||| |||| 00| 0 eng d
020
_a
0931562023
041
_a
eng
080
_a
616-053.2
100
_a
8
101
_a
SHM
245
_a
LEARNING THROUGH PLAY
_c
CHANCE, P
942
_2
udc
_c
BK
999
_c
9271
_d
9271